UBT Library

Qualitative inorganic analysis : (Record no. 43936)

000 -LEADER
fixed length control field 00590pam a22002051a 4500
001 - CONTROL NUMBER
control field 1913783
005 - DATE AND TIME OF LATEST TRANSACTION
control field 20180302034551.0
008 - FIXED-LENGTH DATA ELEMENTS--GENERAL INFORMATION
fixed length control field 850329s1985 nju 001 0 eng
010 ## - LIBRARY OF CONGRESS CONTROL NUMBER
LC control number 85006479
020 ## - INTERNATIONAL STANDARD BOOK NUMBER
International Standard Book Number 0131275496 :
Terms of availability $7.95
040 ## - CATALOGING SOURCE
Original cataloging agency DLC
Transcribing agency DLC
Modifying agency DLC
041 ## - LANGUAGE CODE
Language code of text/sound track or separate title eng
080 ## - UNIVERSAL DECIMAL CLASSIFICATION NUMBER
Universal Decimal Classification number 545 BRO
082 00 - DEWEY DECIMAL CLASSIFICATION NUMBER
Classification number 545 BRO
Edition number 19
100 1# - Rafti
Rafti 12
101 ## - Shkurtesa
Shkurtesa KIM
245 10 - TITLE STATEMENT
Title Qualitative inorganic analysis :
Statement of responsibility, etc Theodore L. Brown, H. Eugene LeMay, Jr.
906 ## - LOCAL DATA ELEMENT F, LDF (RLIN)
a 7
b cbc
c orignew
d 1
e ocip
f 19
g y-gencatlg
942 ## - ADDED ENTRY ELEMENTS (KOHA)
Source of classification or shelving scheme
Item type Books
Holdings
Withdrawn status Lost status Source of classification or shelving scheme Damaged status Not for loan Collection code Permanent location Current location Shelving location Date acquired Total Checkouts Full call number Barcode Date last seen Price effective from Koha item type
          Koleksioni i përgjithshem UBT - Lipjan UBT - Lipjan Koleksioni i përgjithshem 03/02/2018   545 BRO 002-3000486 03/02/2018 03/02/2018 Books
UBT Library © 2015-2024. All rights reserved University Education for Business and Technology